[Event "EU-chT (Men) 14th"]
[Site "Plovdiv"]
[Date "2003.10.19"]
[Round "8.3"]
[White "Van Beers, Eddy"]
[Black "Erdogdu, Mert"]
[Result "1/2-1/2"]
[WhiteElo "2431"]
[BlackElo "2359"]
[PlyCount "31"]
[EventDate "2003.10.10"]
[EventType "team-swiss"]
[EventRounds "9"]
[EventCountry "BUL"]
[SourceTitle "CBM 098"]
[Source "ChessBase"]
[SourceDate "2004.02.03"]
[SourceVersion "1"]
[SourceVersionDate "2004.02.03"]
[SourceQuality "1"]
[WhiteTeam "Belgium"]
[BlackTeam "Turkey"]
[WhiteTeamCountry "BEL"]
[BlackTeamCountry "TUR"]

1. e4 c5 2. c3 d5 3. exd5 Qxd5 4. d4 Nf6 5. Be3 cxd4 6. cxd4 e6 7. Nf3 Nc6 8. Nc3 Qa5 9. Bd3 Be7 10. 0-0 0-0 11. a3 Nd5 12. Nxd5 Qxd5 13. Rc1 Rd8 14. Bc4 Qd6 15. Qe2 Bf6 16. Rfd1 1/2-1/2